[Event "Titled Tuesday intern op 12th Mar Late"]
[Site "Chess.com INT"]
[Date "2024.03.12"]
[Round "3"]
[White "Castaneda, John Jairo"]
[Black "Krzesaj, Robert"]
[Result "0-1"]
[WhiteElo "2120"]
[BlackElo "2391"]
[PlyCount "57"]
[EventDate "2024.03.12"]
[EventType "swiss (blitz)"]
[EventRounds "11"]
[EventCountry "USA"]
[SourceTitle "CBM 219 Extra"]
[Source "ChessBase"]
[SourceDate "2024.05.31"]
[SourceVersion "1"]
[SourceVersionDate "2024.05.31"]
[SourceQuality "1"]

1. e4 c6 2. d4 d5 3. exd5 cxd5 4. Bd3 Nc6 5. c3 g6 6. Bf4 Bg7 7. Nd2 Nh6 8. Ngf3 0-0 9. 0-0 f6 10. Re1 Nf7 11. Bg3 e5 12. dxe5 fxe5 13. Bb5 e4 14. Bxc6 bxc6 15. Nd4 Ne5 16. Bxe5 Bxe5 17. Nxc6 Bxh2+ 18. Kxh2 Qh4+ 19. Kg1 Qxf2+ 20. Kh2 Rf4 21. Nf3 exf3 22. Qxd5+ Rf7 23. Ne7+ Kf8 24. Qd8+ Kg7 25. Qd4+ Qxd4 26. cxd4 f2 27. Rf1 Ba6 28. Rxf2 Rxf2 29. Nd5 0-1

[Event "Titled Tuesday intern op 12th Mar Late"]
[Site "Chess.com INT"]
[Date "2024.03.12"]
[Round "8"]
[White "Krzesaj, Robert"]
[Black "Barria Zuniga, Daniel"]
[Result "1-0"]
[WhiteElo "2391"]
[BlackElo "2341"]
[PlyCount "127"]
[EventDate "2024.03.12"]
[EventType "swiss (blitz)"]
[EventRounds "11"]
[EventCountry "USA"]
[SourceTitle "CBM 219 Extra"]
[Source "ChessBase"]
[SourceDate "2024.05.31"]
[SourceVersion "1"]
[SourceVersionDate "2024.05.31"]
[SourceQuality "1"]

1. d4 g6 2. g3 Bg7 3. Bg2 c5 4. d5 d6 5. Nf3 Nf6 6. c4 b5 7. cxb5 a6 8. bxa6 Bxa6 9. Nc3 Nbd7 10. 0-0 Nb6 11. Rb1 Nfd7 12. Qc2 Nc4 13. b3 Qa5 14. bxc4 Qxc3 15. Qxc3 Bxc3 16. Bb2 Bxb2 17. Rxb2 Bxc4 18. Nd2 Bxe2 19. Re1 Ba6 20. Bh3 Ne5 21. Rb3 f5 22. f4 Nc4 23. Nf3 Kd7 24. Ng5 h6 25. Nf3 Rhb8 26. Nh4 Rxb3 27. axb3 Nd2 28. Re3 Rb8 29. Nxg6 Rxb3 30. Bxf5+ Ke8 31. Rxe7+ Kd8 32. Rd7+ Ke8 33. Rxd6 Bd3 34. Bxd3 Rxd3 35. Ne5 Rd4 36. Rxh6 Rxd5 37. Kf2 c4 38. Rc6 c3 39. Ke2 Ne4 40. Ke3 Nd6 41. Rxc3 Ra5 42. Rd3 Nf5+ 43. Ke4 Ne7 44. g4 Ra4+ 45. Kf3 Ra1 46. h4 Rf1+ 47. Kg3 Ng8 48. g5 Ne7 49. Kg4 Rg1+ 50. Kh3 Nf5 51. Rd2 Ke7 52. Re2 Kd6 53. Nf3 Rf1 54. Kg2 Ra1 55. Rd2+ Ke6 56. h5 Nd6 57. h6 Ne4 58. Re2 Kf5 59. Nd2 Nxd2 60. Rxd2 Kxf4 61. h7 Ra8 62. g6 Rh8 63. g7 Rxh7 64. g8Q 1-0

[Event "Titled Tuesday intern op 12th Mar Late"]
[Site "Chess.com INT"]
[Date "2024.03.12"]
[Round "11"]
[White "Krzesaj, Robert"]
[Black "Golubovic, Erik"]
[Result "1-0"]
[WhiteElo "2391"]
[BlackElo "2096"]
[PlyCount "125"]
[EventDate "2024.03.12"]
[EventType "swiss (blitz)"]
[EventRounds "11"]
[EventCountry "USA"]
[SourceTitle "CBM 219 Extra"]
[Source "ChessBase"]
[SourceDate "2024.05.31"]
[SourceVersion "1"]
[SourceVersionDate "2024.05.31"]
[SourceQuality "1"]

1. d4 Nf6 2. c4 c5 3. d5 b5 4. cxb5 a6 5. bxa6 Bxa6 6. Nc3 d6 7. g3 g6 8. Bg2 Bg7 9. Nf3 0-0 10. Rb1 Nbd7 11. 0-0 Qb6 12. Qc2 Rfb8 13. b3 Ne8 14. Nd2 Nc7 15. Re1 h5 16. a4 Ne5 17. h3 Qb4 18. Na2 Qb6 19. Bb2 Bc8 20. Bc3 Na6 21. f4 Nd7 22. Kh2 Bxc3 23. Qxc3 Nb4 24. Nxb4 Qxb4 25. Qxb4 Rxb4 26. e4 Rab8 27. e5 Ba6 28. Rbc1 h4 29. exd6 exd6 30. Re7 Nf6 31. f5 hxg3+ 32. Kxg3 Rd4 33. Rc2 g5 34. Bf3 Bd3 35. Rb2 Bxf5 36. a5 Ra8 37. Nc4 g4 38. hxg4 Bxg4 39. Rf2 Bxf3 40. Rxf3 Nxd5 41. Rexf7 Rd3 42. Rd7 Rxf3+ 43. Kxf3 Nb4 44. Rxd6 Kf7 45. Rb6 Ke7 46. Rb5 Kd7 47. Rxc5 Nd3 48. Rd5+ Kc6 49. Rxd3 Kc5 50. Re3 Kb4 51. Ke2 Rf8 52. Kd3 Rd8+ 53. Kc2 Rg8 54. Re2 Rf8 55. Rd2 Rg8 56. a6 Ra8 57. Rd6 Kb5 58. Rb6+ Kc5 59. Kc3 Rg8 60. b4+ Kd5 61. Rd6+ Ke4 62. a7 Ra8 63. Rd7 1-0

[Event "Titled Tuesday intern op 12th Mar Late"]
[Site "Chess.com INT"]
[Date "2024.03.12"]
[Round "6"]
[White "Krzesaj, Robert"]
[Black "Slavin, Alexei"]
[Result "0-1"]
[WhiteElo "2391"]
[BlackElo "2364"]
[PlyCount "84"]
[EventDate "2024.03.12"]
[EventType "swiss (blitz)"]
[EventRounds "11"]
[EventCountry "USA"]
[SourceTitle "CBM 219 Extra"]
[Source "ChessBase"]
[SourceDate "2024.05.31"]
[SourceVersion "1"]
[SourceVersionDate "2024.05.31"]
[SourceQuality "1"]

1. d4 Nc6 2. Nf3 d6 3. g3 Bg4 4. Bg2 e5 5. d5 Nce7 6. c3 Nf6 7. Bg5 Ng6 8. Qb3 Qc8 9. Nbd2 Be7 10. h3 Bd7 11. e4 h6 12. Be3 0-0 13. c4 c5 14. a4 b6 15. Qc2 a6 16. h4 Re8 17. 0-0 Ng4 18. Nh2 Nxe3 19. fxe3 Rb8 20. Rf2 Rf8 21. h5 Nh8 22. Qd1 Bg5 23. Qe2 b5 24. b3 bxa4 25. bxa4 Rb2 26. Qd3 Qb7 27. Nhf3 Be7 28. Bf1 Rb8 29. Nh4 Bxh4 30. gxh4 Bg4 31. Rg2 Bxh5 32. Re1 Ng6 33. Be2 Bxe2 34. Qxe2 Nxh4 35. Rh2 Ng6 36. Qg4 Qe7 37. Rg2 Rc2 38. Rf1 Rbb2 39. Rff2 Ra2 40. Kh2 Kh7 41. Nf3 Rxf2 42. Ng5+ Qxg5 0-1

[Event "Titled Tuesday intern op 05th Mar Late"]
[Site "Chess.com INT"]
[Date "2024.03.05"]
[Round "4"]
[White "Aaron, Deepak"]
[Black "Krzesaj, Robert"]
[Result "1-0"]
[WhiteElo "2274"]
[BlackElo "2391"]
[PlyCount "75"]
[EventDate "2024.03.05"]
[EventType "swiss (blitz)"]
[EventRounds "11"]
[EventCountry "USA"]
[SourceTitle "EXT 2025"]
[Source "ChessBase"]
[SourceDate "2024.10.14"]
[SourceVersion "1"]
[SourceVersionDate "2024.10.14"]
[SourceQuality "1"]

1. d4 d5 2. e3 Nf6 3. f4 c5 4. Nf3 b6 5. c3 g6 6. Bd3 Bg7 7. 0-0 0-0 8. Qe2 a5 9. Ne5 Ba6 10. Bxa6 Nxa6 11. Bd2 Ne4 12. Be1 f6 13. Nd3 Nc7 14. Nd2 c4 15. Nf2 Nxd2 16. Bxd2 f5 17. b3 b5 18. a4 cxb3 19. axb5 a4 20. c4 e6 21. b6 Ne8 22. c5 Qd7 23. Bc1 Nf6 24. Ba3 Rfc8 25. Rfc1 Qc6 26. Nd3 Ne4 27. Nb4 Qb7 28. Qb5 Rcb8 29. Nc6 Rc8 30. Na5 Rxa5 31. Qxa5 Bf8 32. Qxa4 Nd2 33. Qb4 Nc4 34. Qxb3 Ra8 35. Bb4 Rb8 36. Rxc4 dxc4 37. Qxc4 Qe4 38. Bd2 1-0

[Event "Titled Tuesday intern op 05th Mar Late"]
[Site "Chess.com INT"]
[Date "2024.03.05"]
[Round "2"]
[White "Krzesaj, Robert"]
[Black "Goryachkina, Aleksandra"]
[Result "0-1"]
[WhiteElo "2391"]
[BlackElo "2553"]
[PlyCount "44"]
[EventDate "2024.03.05"]
[EventType "swiss (blitz)"]
[EventRounds "11"]
[EventCountry "USA"]
[SourceTitle "EXT 2025"]
[Source "ChessBase"]
[SourceDate "2024.10.14"]
[SourceVersion "1"]
[SourceVersionDate "2024.10.14"]
[SourceQuality "1"]

1. d4 Nf6 2. c4 e6 3. g3 d5 4. Bg2 c5 5. Nf3 cxd4 6. 0-0 Nc6 7. Nxd4 Bc5 8. Nb3 Bb6 9. cxd5 Nxd5 10. Nc3 0-0 11. Nxd5 exd5 12. Qxd5 Qxd5 13. Bxd5 Rd8 14. Bg2 Be6 15. Bf4 a5 16. Bxc6 bxc6 17. Nd2 Bd4 18. Rac1 Bxb2 19. Rxc6 a4 20. Nc4 a3 21. e4 Rac8 22. Rxc8 Rxc8 0-1

[Event "Titled Tuesday intern op 05th Mar Late"]
[Site "Chess.com INT"]
[Date "2024.03.05"]
[Round "5"]
[White "Krzesaj, Robert"]
[Black "Sena, Juan Oscar"]
[Result "1/2-1/2"]
[WhiteElo "2391"]
[BlackElo "1945"]
[PlyCount "72"]
[EventDate "2024.03.05"]
[EventType "swiss (blitz)"]
[EventRounds "11"]
[EventCountry "USA"]
[SourceTitle "EXT 2025"]
[Source "ChessBase"]
[SourceDate "2024.10.14"]
[SourceVersion "1"]
[SourceVersionDate "2024.10.14"]
[SourceQuality "1"]

1. d4 Nf6 2. c4 e6 3. g3 d5 4. Bg2 Be7 5. Nf3 0-0 6. 0-0 c6 7. Qc2 b6 8. Ne5 Bb7 9. Rd1 Nbd7 10. Nd2 Rc8 11. e4 c5 12. exd5 exd5 13. Qa4 cxd4 14. Nxd7 Qxd7 15. Qxd7 Nxd7 16. cxd5 Nf6 17. Nb3 Bxd5 18. Nxd4 Bxg2 19. Kxg2 Rfd8 20. Bg5 h6 21. Nf5 Rxd1 22. Rxd1 Bd8 23. Bf4 Ne4 24. Rd7 Bf6 25. b3 Rc2 26. Rxa7 Rxf2+ 27. Kg1 Rc2 28. Ne7+ Kh7 29. Be3 Bg5 30. Bxb6 Nd2 31. Nd5 Nf3+ 32. Kf1 Nxh2+ 33. Ke1 Nf3+ 34. Kf1 Nh2+ 35. Ke1 Nf3+ 36. Kf1 Nh2+ 1/2-1/2